| 000 | 00364 a2200157 4500 | ||
|---|---|---|---|
| 005 | 20260130182837.0 | ||
| 020 | _a9781839214806 | ||
| 040 | _bEng, | ||
| 082 | _a044.678. Lea | ||
| 100 |
_aLea, perry _93913 |
||
| 245 | _aIoT and Edge Computing for Architects, | ||
| 250 | _a2nd | ||
| 260 |
_aMumbai, _bBirmingham, _c2020. |
||
| 300 |
_axviii, _b606p: |
||
| 942 | _cREF | ||
| 999 |
_c5567 _d5562 |
||